Представление документа в формате MARC21

Поле Инд. ПП Название Значение
Тип записи a
Библиографический уровень b
001 Контрольный номер 18c1a6b1cd0840a3897ef3a6eb9347e5
005 Дата корректировки 20241203140327.0
080 a Индекс УДК 621.891
097 b Оператор *Плё*
100 1_ a Автор Зоренко Д.А.
245 10 a Заглавие Повышение долговечности деталей, подверженных абразивному изнашиванию, путем нанесения защитно-декоративных МДО-покрытий
p Название части/ раздела - Текст : электронный
b Продолж. заглавия статья
260 a Место издания Тверь
b Издательство ТвГТУ
c Дата издания 2024
520 0_ a Аннотация Описаны варианты применения защитно-декоративных МДО-покрытий на подвергающихся абразивному изнашиванию рабочих поверхностях деталей из алюминиевых и титановых сплавов. Приведены основные триботехнические характеристики таких покрытий. Рассмотрены варианты получения анодно-искровых защитно-декоративных покрытий на титановых сплавах с использованием различных составов электролита.
653 0_ a Ключевые слова Микродуговое оксидирование
a Ключевые слова Коэффициент трения
a Ключевые слова Линейная интенсивность изнашивания
a Ключевые слова Титановые сплавы
a Ключевые слова Алюминиевые сплавы
a Ключевые слова Защитные покрытия
a Ключевые слова Декоративные покрытия
773 18 w Контрольный № источника 48e5b62063be4c66b648ecbdb936c832
t Название источника Механика и физика процессов на поверхности и в контакте твердых тел, деталей технологического и энергетического оборудования
d Место и дата издания Тверь : ТвГТУ, 2024
g Прочая информация Вып. 17. - С. 95-100
900 a Имя макрообъекта 001-000164132-000000000-0000-0000-01
901 t Тип документа b
950 a Редактор записи мс
951 i EL-ТГТУ? да